فکروآگہی / (Record no. 42521)

MARC details
000 -LEADER
fixed length control field 00884nam a22002417a 4500
005 - DATE AND TIME OF LATEST TRANSACTION
control field 20100819120340.0
008 - FIXED-LENGTH DATA ELEMENTS--GENERAL INFORMATION
fixed length control field 090109t xxu||||| |||| 00| 0urd d
010 ## - LCCN (DPL NO)
LC control number UR-7780
020 ## - INTERNATIONAL STANDARD BOOK NUMBER
Terms of availability 150.00
035 ## - SYSTEM CONTROL NUMBER
System control number U-6335
040 ## - CATALOGING SOURCE
Original cataloging agency dpl
Language of cataloging urd
082 ## - DEWEY DECIMAL CLASSIFICATION NUMBER
Classification number 840
100 ## - MAIN ENTRY--PERSONAL NAME
9 (RLIN) 12785
Personal name محمّد بن علی المسدوسی نادر
245 ## - TITLE STATEMENT
Title فکروآگہی /
Statement of responsibility, etc محمّد بن علی المسدوسی نادر
246 ## - VARYING FORM OF TITLE
Title proper/short title Fikr-e-o-Aagahy /
Remainder of title compiled by Raseed Durani, Alim Parwaj
260 ## - PUBLICATION, DISTRIBUTION, ETC. (IMPRINT)
Place of publication, distribution, etc حیدرآباد
Date of publication, distribution, etc 2006
Name of publisher, distributor, etc دائرہ آفسٹ پریس
270 ## - ADDRESS
Address Chhatta Bazar
City Hyderabad
300 ## - PHYSICAL DESCRIPTION
Extent 168 ص
Dimensions 22 س م (Pbk)
650 ## - SUBJECT ADDED ENTRY--TOPICAL TERM
Source of heading or term critisim
9 (RLIN) 12786
700 ## - ADDED ENTRY--PERSONAL NAME
9 (RLIN) 13044
942 ## - ADDED ENTRY ELEMENTS (KOHA)
Source of classification or shelving scheme Dewey Decimal Classification
Item type Urdu Bks
Classification part 840
Call number suffix م ح م
Holdings
Withdrawn status Lost status Source of classification or shelving scheme Damaged status Not for loan Collection code Home library Current library Date acquired Source of acquisition Cost, normal purchase price Total Checkouts Full call number Barcode Date last seen Copy number Cost, replacement price Koha item type
    Dewey Decimal Classification   Not For Loan Non-fiction D.B.Act.Division D.B.Act.Division 19/08/2010 DBAD/PUB 150.00   840 م ح م U-6335 19/08/2010 1 150.00 Urdu Bks

© Delhi Public Library
Hit Counter
free hit counter